[Event "5MCRV_F"]
[Site "?"]
[Date "2005.??.??"]
[Round "?"]
[White "Pecka, Josef"]
[Black "Bures, Jilji"]
[Result "0-1"]
[WhiteElo "2303"]
[BlackElo "2349"]
[PlyCount "60"]
[EventDate "2005.??.??"]
[EventType "corr"]
[SourceDate "2005.09.30"]

1. e4 c5 2. Nf3 Nc6 3. d4 cxd4 4. Nxd4 Nf6 5. Nc3 e5 6. Ndb5 d6 7. Bg5 a6 8.
Na3 b5 9. Bxf6 gxf6 10. Nd5 f5 11. c4 Bg7 12. cxb5 Nd4 13. exf5 Bxf5 14. Ne3
Be6 15. bxa6 O-O 16. Nac2 Nxc2+ 17. Qxc2 d5 18. Qd2 Bh6 19. Qb4 d4 20. Nc4 d3
21. Ne3 f5 22. g3 Rxa6 23. Qd2 Rd6 24. Rg1 e4 25. Rc1 Rf7 26. Bh3 Rc7 27. Rxc7
Qxc7 28. g4 Rc6 29. gxf5+ Kh8 30. Bg4 Bxe3 0-1

[Event "5MCRV_F"]
[Site "?"]
[Date "2005.??.??"]
[Round "?"]
[White "Kuta, Jiri"]
[Black "Skalicky, Frantisek"]
[Result "1/2-1/2"]
[WhiteElo "2310"]
[BlackElo "2255"]
[PlyCount "57"]
[EventDate "2005.??.??"]
[EventType "corr"]
[SourceDate "2005.09.30"]

1. d4 Nf6 2. c4 c5 3. d5 e6 4. Nc3 exd5 5. cxd5 d6 6. e4 g6 7. f4 Bg7 8. Bb5+
Nfd7 9. Be2 O-O 10. Nf3 Re8 11. O-O a6 12. a4 Nf8 13. e5 Nbd7 14. exd6 Nf6 15.
Nd2 h5 16. Nc4 Ng4 17. g3 Nd7 18. Bxg4 Bd4+ 19. Kh1 hxg4 20. f5 Qf6 21. Ne2
gxf5 22. Nxd4 cxd4 23. Re1 Rxe1+ 24. Qxe1 b5 25. Qe8+ Kg7 26. axb5 Bb7 27. Qxd7
Bxd5+ 28. Kg1 Bxc4 29. bxa6 1/2-1/2

[Event "5MCRV_F"]
[Site "?"]
[Date "2005.??.??"]
[Round "?"]
[White "Nosek, Jaroslav"]
[Black "Bures, Jilji"]
[Result "1/2-1/2"]
[WhiteElo "2259"]
[BlackElo "2349"]
[PlyCount "38"]
[EventDate "2005.??.??"]
[EventType "corr"]
[SourceDate "2005.09.30"]

1. d4 d5 2. c4 e6 3. Nc3 Nf6 4. cxd5 exd5 5. Bg5 Nbd7 6. e3 c6 7. Bd3 Be7 8.
Qc2 O-O 9. Nge2 Re8 10. O-O Nf8 11. f3 Ng6 12. Rad1 Be6 13. Ng3 Rc8 14. Rfe1 a6
15. a3 Nd7 16. Bxe7 Qxe7 17. f4 Bg4 18. Rc1 h5 19. Nh1 Ndf8 1/2-1/2

[Event "5MCRV_F"]
[Site "?"]
[Date "2005.??.??"]
[Round "?"]
[White "Nejtek, Jiri"]
[Black "Nosek, Jaroslav"]
[Result "1/2-1/2"]
[WhiteElo "2370"]
[BlackElo "2259"]
[PlyCount "50"]
[EventDate "2005.??.??"]
[EventType "corr"]
[SourceDate "2005.09.30"]

1. e4 c6 2. d4 d5 3. exd5 cxd5 4. c3 Nc6 5. Nf3 Nf6 6. Bf4 g6 7. Na3 Bg7 8. Bd3
O-O 9. h3 Ne8 10. O-O f6 11. c4 Nb4 12. Be2 dxc4 13. Bxc4+ e6 14. Nb5 Nd5 15.
Bh2 a6 16. Nc3 Ndc7 17. a4 Bd7 18. Qb3 Bc6 19. Bxc7 Nxc7 20. Bxe6+ Nxe6 21. d5
Nc5 22. Qc4 Bxa4 23. Qxc5 Bd7 24. d6 Rc8 25. Qb4 Bc6 1/2-1/2

[Event "5MCRV_F"]
[Site "?"]
[Date "2005.??.??"]
[Round "?"]
[White "Hladecek, Miloslav"]
[Black "Novak, Vratislav"]
[Result "1-0"]
[WhiteElo "2281"]
[BlackElo "2267"]
[PlyCount "35"]
[EventDate "2005.??.??"]
[EventType "corr"]
[SourceDate "2005.09.30"]

1. e4 c5 2. Nf3 d6 3. d4 cxd4 4. Nxd4 Nf6 5. Nc3 Nc6 6. Bc4 e6 7. O-O Be7 8.
Be3 a6 9. Bb3 Qc7 10. f4 O-O 11. f5 Kh8 12. fxe6 Nxd4 13. Bxd4 fxe6 14. Qd3 Bd7
15. Rad1 Ng4 16. Rxf8+ Rxf8 17. h3 Ne3 18. Bxe3 1-0

[Event "5MCRV_F"]
[Site "?"]
[Date "2005.??.??"]
[Round "?"]
[White "Nejtek, Jiri"]
[Black "Kuta, Jiri"]
[Result "1/2-1/2"]
[WhiteElo "2370"]
[BlackElo "2310"]
[PlyCount "55"]
[EventDate "2005.??.??"]
[EventType "corr"]
[SourceDate "2005.09.30"]

1. e4 c5 2. Nf3 Nc6 3. Bb5 e6 4. O-O Nge7 5. c3 a6 6. Ba4 c4 7. d4 cxd3 8. Bg5
b5 9. Bb3 f6 10. Be3 Na5 11. Qxd3 Nxb3 12. axb3 Ng6 13. Rd1 Be7 14. c4 b4 15.
Nbd2 O-O 16. c5 Qc7 17. Qd4 d6 18. cxd6 Bxd6 19. Nc4 Bf4 20. Qb6 Rb8 21. Qxc7
Bxc7 22. Bc5 Rf7 23. Nd4 Rd7 24. f3 a5 25. g3 e5 26. Nf5 Rxd1+ 27. Rxd1 Be6 28.
Bd6 1/2-1/2

[Event "5MCRV_F"]
[Site "?"]
[Date "2005.??.??"]
[Round "?"]
[White "Valak, Alois"]
[Black "Nosek, Jaroslav"]
[Result "1-0"]
[WhiteElo "2333"]
[BlackElo "2259"]
[PlyCount "57"]
[EventDate "2005.??.??"]
[EventType "corr"]
[SourceDate "2005.09.30"]

1. e4 e6 2. d4 d5 3. Nc3 Nf6 4. Bg5 dxe4 5. Nxe4 Be7 6. Bxf6 gxf6 7. Nf3 a6 8.
c4 f5 9. Nc3 c5 10. d5 Bf6 11. Qd2 e5 12. Qc2 e4 13. Nd2 Qd6 14. O-O-O Kd8 15.
Re1 Re8 16. Kb1 Bd4 17. f3 e3 18. Nb3 f4 19. Ne4 Qe7 20. Bd3 b6 21. Nxd4 cxd4
22. c5 bxc5 23. Rc1 Qa7 24. Nxc5 Nd7 25. Nb3 Qb6 26. Rhd1 Re5 27. Be4 d3 28.
Qxd3 f5 29. d6 1-0

[Event "5MCRV_F"]
[Site "?"]
[Date "2005.??.??"]
[Round "?"]
[White "Splichal, Josef"]
[Black "Nosek, Jaroslav"]
[Result "1-0"]
[WhiteElo "2231"]
[BlackElo "2259"]
[PlyCount "75"]
[EventDate "2005.??.??"]
[EventType "corr"]
[SourceDate "2005.09.30"]

1. e4 c6 2. d4 d5 3. e5 Bf5 4. Nf3 e6 5. Bd3 Bxd3 6. Qxd3 Ne7 7. O-O Nd7 8. Bg5
Qb6 9. Nc3 f6 10. exf6 gxf6 11. Bd2 e5 12. Na4 Qc7 13. dxe5 fxe5 14. Ng5 Bh6
15. c4 Qd6 16. cxd5 cxd5 17. h4 a6 18. Rac1 b5 19. Nc3 Qg6 20. Qh3 Rg8 21. Rfe1
b4 22. Na4 Qd6 23. Rc2 Rb8 24. Rec1 Rg6 25. Rc7 Rd8 26. Ra7 e4 27. Rcc7 a5 28.
Nc5 Nxc5 29. Bf4 Qf6 30. Nxh7 Qe6 31. Rxe7+ Qxe7 32. Rxe7+ Kxe7 33. h5 Re6 34.
Qh4+ Kd7 35. Nf6+ Rxf6 36. Qxf6 Bxf4 37. Qxf4 Kc6 38. h6 1-0

[Event "5MCRV_F"]
[Site "?"]
[Date "2005.??.??"]
[Round "?"]
[White "Bures, Jilji"]
[Black "Valak, Alois"]
[Result "1/2-1/2"]
[WhiteElo "2349"]
[BlackElo "2333"]
[PlyCount "51"]
[EventDate "2005.??.??"]
[EventType "corr"]
[SourceDate "2005.09.30"]

1. e4 e5 2. Nf3 Nc6 3. Bb5 Nf6 4. O-O Nxe4 5. d4 Nd6 6. Bxc6 dxc6 7. dxe5 Nf5
8. Qxd8+ Kxd8 9. Rd1+ Ke8 10. Nc3 Be7 11. Bg5 Bxg5 12. Nxg5 h6 13. Nge4 b6 14.
h3 Ke7 15. Kh2 g5 16. Ne2 Ba6 17. N2g3 Nxg3 18. Kxg3 Ke6 19. Re1 Rad8 20. h4
Kf5 21. h5 c5 22. f3 Ke6 23. Nf6 Bc8 24. Re2 a5 25. Rae1 Rd4 26. a3 1/2-1/2

[Event "5MCRV_F"]
[Site "?"]
[Date "2005.??.??"]
[Round "?"]
[White "Sykora, Josef"]
[Black "Schwarz, Jan"]
[Result "1/2-1/2"]
[WhiteElo "2397"]
[BlackElo "2318"]
[PlyCount "69"]
[EventDate "2005.??.??"]
[EventType "corr"]
[SourceDate "2005.09.30"]

1. Nf3 d5 2. d4 c6 3. c4 Nf6 4. cxd5 cxd5 5. Nc3 Nc6 6. Bf4 Bf5 7. e3 e6 8. Qb3
Bb4 9. Bb5 O-O 10. O-O Bxc3 11. Qxc3 Rc8 12. Rfc1 Qb6 13. Qc5 Qxc5 14. Rxc5 Ne4
15. Rcc1 f6 16. Nh4 g5 17. Nxf5 exf5 18. Bg3 Rfe8 19. a4 a5 20. Re1 Kg7 21. h3
Nxg3 22. fxg3 Kf7 23. Bd3 f4 24. gxf4 gxf4 25. exf4 Rxe1+ 26. Rxe1 Nxd4 27. Rd1
Ke6 28. Bxh7 Ne2+ 29. Kf2 Nxf4 30. Re1+ Kf7 31. Bf5 Rc5 32. h4 Rc4 33. g3 Rxa4
34. Re3 Rb4 35. gxf4 1/2-1/2

[Event "5MCRV_F"]
[Site "?"]
[Date "2005.??.??"]
[Round "?"]
[White "Schwarz, Jan"]
[Black "Kuta, Jiri"]
[Result "1/2-1/2"]
[WhiteElo "2318"]
[BlackElo "2310"]
[PlyCount "74"]
[EventDate "2005.??.??"]
[EventType "corr"]
[SourceDate "2005.09.30"]

1. Nf3 Nf6 2. c4 c5 3. Nc3 d5 4. cxd5 Nxd5 5. d4 Nxc3 6. bxc3 g6 7. Bf4 Qa5 8.
Qd2 Bg7 9. e3 O-O 10. Rb1 a6 11. Bd3 b5 12. c4 Qxd2+ 13. Kxd2 Nd7 14. Rhc1 b4
15. Be4 Ra7 16. h3 a5 17. Ke2 Ba6 18. Bc6 Nb6 19. Bb5 Bxb5 20. cxb5 cxd4 21.
exd4 Nd5 22. Bd2 Rb8 23. a4 bxa3 24. Rb3 Bf8 25. Rxa3 Rxb5 26. Rca1 e5 27. Rxa5
Raxa5 28. Rxa5 Nf4+ 29. Kf1 Rb1+ 30. Ne1 exd4 31. Bxf4 Bb4 32. Ra8+ Kg7 33. Ke2
Rxe1+ 34. Kd3 Bc3 35. Ra6 h6 36. h4 Re7 37. Rc6 Be1 1/2-1/2

[Event "5MCRV_F"]
[Site "?"]
[Date "2005.??.??"]
[Round "?"]
[White "Pecka, Josef"]
[Black "Sykora, Josef"]
[Result "1-0"]
[WhiteElo "2303"]
[BlackElo "2397"]
[PlyCount "59"]
[EventDate "2005.??.??"]
[EventType "corr"]
[SourceDate "2005.09.30"]

1. e4 c6 2. d4 d5 3. e5 Bf5 4. Ne2 e6 5. Ng3 Bg6 6. h4 h6 7. h5 Bh7 8. Bd3 Bxd3
9. cxd3 Qb6 10. Be3 Qxb2 11. O-O Qb6 12. Nd2 Ne7 13. f4 Qa6 14. Nb3 Nd7 15. f5
Nxf5 16. Nxf5 exf5 17. Rxf5 Be7 18. Qg4 Qxd3 19. Bd2 Bg5 20. Bxg5 hxg5 21. Qxg5
Nf8 22. e6 fxe6 23. Re1 Rh6 24. Rf3 Qh7 25. Nc5 Rf6 26. Nxe6 Nxe6 27. Rxf6 gxf6
28. Rxe6+ Kd7 29. Qxf6 Rg8 30. h6 1-0

[Event "5MCRV_F"]
[Site "?"]
[Date "2005.??.??"]
[Round "?"]
[White "Novak, Vratislav"]
[Black "Sykora, Josef"]
[Result "1/2-1/2"]
[WhiteElo "2267"]
[BlackElo "2397"]
[PlyCount "59"]
[EventDate "2005.??.??"]
[EventType "corr"]
[SourceDate "2005.09.30"]

1. e4 c6 2. d4 d5 3. exd5 cxd5 4. c3 Nc6 5. Nf3 Nf6 6. Bf4 a6 7. Qb3 g6 8. Bd3
Bg7 9. O-O O-O 10. Re1 Nh5 11. Be3 Qd6 12. a4 Na5 13. Qd1 Nc4 14. Bc1 Qc7 15.
Nbd2 Rd8 16. Nxc4 dxc4 17. Bf1 b6 18. Bg5 Bf6 19. Bxf6 exf6 20. Nd2 Be6 21.
Rxe6 fxe6 22. Qe2 b5 23. Qxe6+ Kh8 24. axb5 axb5 25. Rxa8 Rxa8 26. g4 Nf4 27.
Qxf6+ Kg8 28. Ne4 Ra1 29. Nd6 Nd3 30. Qe6+ 1/2-1/2

[Event "5MCRV_F"]
[Site "?"]
[Date "2005.??.??"]
[Round "?"]
[White "Sykora, Josef"]
[Black "Splichal, Josef"]
[Result "1-0"]
[WhiteElo "2397"]
[BlackElo "2261"]
[PlyCount "71"]
[EventDate "2005.??.??"]
[EventType "corr"]
[SourceDate "2005.09.30"]

1. Nf3 Nf6 2. c4 c5 3. Nc3 Nc6 4. g3 e5 5. Bg2 d6 6. O-O Be7 7. a3 O-O 8. Rb1
Bg4 9. h3 Bd7 10. d3 Qc8 11. Kh2 Nd4 12. Nd2 Rb8 13. e3 Ne6 14. Nde4 Nxe4 15.
dxe4 Ng5 16. Nd5 Bd8 17. f4 Nxh3 18. Bf3 b5 19. g4 Ng5 20. fxg5 bxc4 21. g6
fxg6 22. Bd2 Bh4 23. Be2 Rxf1 24. Qxf1 Bxg4 25. Bxc4 Kh8 26. Ba5 Be6 27. b3 Qg8
28. Qe2 Bd8 29. Bc3 Rb7 30. Rf1 Rf7 31. b4 cxb4 32. Bxb4 Rxf1 33. Qxf1 Bc7 34.
Qf2 Qd8 35. Bf1 g5 36. Nxc7 1-0

[Event "5MCRV_F"]
[Site "?"]
[Date "2005.??.??"]
[Round "?"]
[White "Hladecek, Miloslav"]
[Black "Dedina, Miroslav"]
[Result "1/2-1/2"]
[WhiteElo "2281"]
[BlackElo "2308"]
[PlyCount "42"]
[EventDate "2005.??.??"]
[EventType "corr"]
[SourceDate "2005.09.30"]

1. e4 e5 2. Nf3 Nc6 3. Bc4 Nf6 4. Ng5 d5 5. exd5 Na5 6. Bb5+ c6 7. dxc6 bxc6 8.
Be2 h6 9. Nf3 e4 10. Ne5 Bd6 11. d4 exd3 12. Nxd3 O-O 13. b3 Bf5 14. Bb2 c5 15.
Na3 c4 16. Nxc4 Nxc4 17. bxc4 Rb8 18. Bxf6 Qxf6 19. O-O Rfd8 20. Bg4 Be5 21.
Rc1 Bf4 1/2-1/2

[Event "5MCRV_F"]
[Site "?"]
[Date "2005.??.??"]
[Round "?"]
[White "Novak, Vratislav"]
[Black "Skalicky, Frantisek"]
[Result "1/2-1/2"]
[WhiteElo "2267"]
[BlackElo "2255"]
[PlyCount "65"]
[EventDate "2005.??.??"]
[EventType "corr"]
[SourceDate "2005.09.30"]

1. e4 e5 2. f4 exf4 3. Bc4 Nf6 4. Nc3 c6 5. Bb3 d5 6. exd5 Nxd5 7. Qe2+ Be7 8.
Nxd5 cxd5 9. Qh5 Nc6 10. Ne2 Bh4+ 11. g3 fxg3 12. hxg3 Bf6 13. d4 Be6 14. c3
Qd7 15. Nf4 O-O-O 16. Nxe6 Qxe6+ 17. Kf2 g6 18. Qh3 h5 19. Kg2 Rhe8 20. Bh6
Qxh3+ 21. Kxh3 g5 22. Raf1 Rd6 23. Bd1 Be7 24. Bg7 Rg6 25. Rxf7 g4+ 26. Kg2 Nd8
27. Bc2 Rg5 28. Rxe7 Rxe7 29. Bf6 Re2+ 30. Kf1 Rxc2 31. Bxg5 Rxb2 32. Rxh5 Nc6
33. Bf4 1/2-1/2

[Event "5MCRV_F"]
[Site "?"]
[Date "2005.??.??"]
[Round "?"]
[White "Kostal, Jindrich"]
[Black "Skalicky, Frantisek"]
[Result "1/2-1/2"]
[WhiteElo "2384"]
[BlackElo "2255"]
[PlyCount "51"]
[EventDate "2005.??.??"]
[EventType "corr"]
[SourceDate "2005.09.30"]

1. e4 e5 2. Nf3 Nc6 3. Bb5 a6 4. Ba4 Nf6 5. O-O Be7 6. Re1 b5 7. Bb3 d6 8. c3
O-O 9. h3 Bb7 10. d4 Re8 11. a4 h6 12. Nbd2 Bf8 13. d5 Nb8 14. Qe2 Nbd7 15.
axb5 axb5 16. Rxa8 Qxa8 17. Qxb5 Ba6 18. Qa5 Bd3 19. Qxa8 Rxa8 20. Bc4 Bxc4 21.
Nxc4 Nc5 22. Nfd2 Ra1 23. Rd1 Nfxe4 24. Nxe4 Nxe4 25. f3 Nc5 26. Rf1 1/2-1/2

[Event "5MCRV_F"]
[Site "?"]
[Date "2005.??.??"]
[Round "?"]
[White "Bures, Jilji"]
[Black "Dedina, Miroslav"]
[Result "1/2-1/2"]
[WhiteElo "2349"]
[BlackElo "2308"]
[PlyCount "75"]
[EventDate "2005.??.??"]
[EventType "corr"]
[SourceDate "2005.09.30"]

1. e4 e5 2. Nf3 Nc6 3. Bb5 a6 4. Ba4 Nf6 5. O-O Nxe4 6. d4 b5 7. Bb3 d5 8. dxe5
Be6 9. Qe2 Nc5 10. Rd1 Be7 11. c4 d4 12. cxb5 Nxb3 13. axb3 axb5 14. Rxa8 Qxa8
15. Bg5 Bxb3 16. Rc1 Bc4 17. Qe4 O-O 18. Nbd2 Rd8 19. Bxe7 Nxe7 20. Qxa8 Rxa8
21. h3 c5 22. Nxc4 bxc4 23. Rxc4 Ra5 24. b4 Ra4 25. Rxc5 Rxb4 26. Ra5 g6 27.
Ra8+ Kg7 28. Ra7 Kf8 29. Ng5 d3 30. Rd7 h6 31. Nf3 Rb3 32. Rd8+ Kg7 33. Kh2 Nc6
34. Rd6 Rc3 35. Kg3 Kf8 36. Kf4 Ke7 37. Ke4 Rc4+ 38. Kxd3 1/2-1/2

[Event "5MCRV_F"]
[Site "?"]
[Date "2005.??.??"]
[Round "?"]
[White "Novak, Vratislav"]
[Black "Kuta, Jiri"]
[Result "1/2-1/2"]
[WhiteElo "2267"]
[BlackElo "2310"]
[PlyCount "80"]
[EventDate "2005.??.??"]
[EventType "corr"]
[SourceDate "2005.09.30"]

1. e4 c5 2. b3 Nc6 3. Bb2 d6 4. Bb5 Bd7 5. f4 a6 6. Bxc6 Bxc6 7. d3 e6 8. Nf3
Nf6 9. O-O Be7 10. Nbd2 O-O 11. Qe1 Nh5 12. Qe3 Nf6 13. a3 b5 14. b4 Ng4 15.
Qe2 d5 16. Nb3 dxe4 17. dxe4 Qc7 18. Nfd2 f5 19. Nxc5 Bxc5+ 20. bxc5 Rad8 21.
h3 Nf6 22. exf5 exf5 23. Be5 Qf7 24. Rfe1 Rfe8 25. Qf2 Qg6 26. Rad1 h6 27. Kh2
Kh7 28. Bxf6 Qxf6 29. Rxe8 Bxe8 30. Re1 Qc3 31. Nb3 Bc6 32. Re3 Qf6 33. Qe2 Be4
34. c3 Qf7 35. Nd2 Bc6 36. Nf3 Bxf3 37. Rxf3 Rd5 38. Qe3 Qc7 39. Qe6 Rxc5 40.
Qxa6 Rc4 1/2-1/2

[Event "5MCRV_F"]
[Site "?"]
[Date "2005.??.??"]
[Round "?"]
[White "Dedina, Miroslav"]
[Black "Nosek, Jaroslav"]
[Result "1/2-1/2"]
[WhiteElo "2308"]
[BlackElo "2259"]
[PlyCount "33"]
[EventDate "2005.??.??"]
[EventType "corr"]
[SourceDate "2005.09.30"]

1. c4 Nf6 2. Nc3 e5 3. Nf3 Nc6 4. g3 Bb4 5. Bg2 O-O 6. O-O Bxc3 7. bxc3 Re8 8.
d3 e4 9. Nd4 exd3 10. exd3 h6 11. Be3 Ne5 12. Re1 d6 13. h3 c5 14. Nf3 Ng6 15.
d4 Qc7 16. Qd3 Be6 17. Nd2 1/2-1/2

[Event "5MCRV_F"]
[Site "?"]
[Date "2005.??.??"]
[Round "?"]
[White "Pecka, Josef"]
[Black "Skalicky, Frantisek"]
[Result "1/2-1/2"]
[WhiteElo "2303"]
[BlackElo "2255"]
[PlyCount "81"]
[EventDate "2005.??.??"]
[EventType "corr"]
[SourceDate "2005.09.30"]

1. e4 e5 2. f4 exf4 3. Bc4 Nf6 4. Nc3 c6 5. Bb3 d5 6. exd5 Nxd5 7. Nxd5 cxd5 8.
d4 Qh4+ 9. Kf1 Be6 10. Nf3 Qf6 11. Qe2 Nc6 12. Bxd5 Nxd4 13. Nxd4 Qxd4 14. Bxb7
Rd8 15. Bc6+ Ke7 16. g3 Qc5 17. Bf3 Kf6 18. Kg2 Bd6 19. gxf4 Rhe8 20. Be3 Bd5
21. Rhe1 Bxf3+ 22. Qxf3 Qxc2+ 23. Re2 Qe4 24. Rd1 Qxf3+ 25. Kxf3 Bb8 26. Red2
Rxd2 27. Rxd2 g6 28. Rc2 Rd8 29. Rc6+ Ke7 30. b4 Rd3 31. Ra6 Kd7 32. b5 Rc3 33.
h3 f5 34. h4 Kc8 35. h5 gxh5 36. Rf6 Bc7 37. Rxf5 Bb6 38. Re5 Kd7 39. Ke2 Bxe3
40. Rxe3 Rc2+ 41. Ke1 1/2-1/2

[Event "5MCRV_F"]
[Site "?"]
[Date "2005.??.??"]
[Round "?"]
[White "Nosek, Jaroslav"]
[Black "Sykora, Josef"]
[Result "1/2-1/2"]
[WhiteElo "2259"]
[BlackElo "2397"]
[PlyCount "64"]
[EventDate "2005.??.??"]
[EventType "corr"]
[SourceDate "2005.09.30"]

1. d4 d5 2. c4 c6 3. Nc3 Nf6 4. Nf3 e6 5. Bg5 h6 6. Bh4 dxc4 7. e4 g5 8. Bg3 b5
9. Be2 Bb7 10. h4 g4 11. Ne5 h5 12. f3 Nbd7 13. fxg4 hxg4 14. O-O Nxe5 15. Bxe5
Rh6 16. Bf4 b4 17. Bg5 bxc3 18. bxc3 Qa5 19. Bxh6 Bxh6 20. Rxf6 Qxc3 21. Kh1
Bg7 22. Rf4 f5 23. exf5 c5 24. Kh2 O-O-O 25. Bxg4 Be5 26. dxe5 Rxd1 27. Rxd1
Qxe5 28. Rdf1 exf5 29. Bxf5+ Kc7 30. g4 c3 31. Bc2 Bd5 32. a3 a5 1/2-1/2

[Event "5MCRV_F"]
[Site "?"]
[Date "2005.??.??"]
[Round "?"]
[White "Nosek, Jaroslav"]
[Black "Skalicky, Frantisek"]
[Result "1/2-1/2"]
[WhiteElo "2259"]
[BlackElo "2255"]
[PlyCount "51"]
[EventDate "2005.??.??"]
[EventType "corr"]
[SourceDate "2005.09.30"]

1. d4 Nf6 2. c4 c5 3. d5 e6 4. Nc3 exd5 5. cxd5 d6 6. e4 g6 7. f4 Bg7 8. Bb5+
Nfd7 9. a4 O-O 10. Nf3 Na6 11. O-O Nc7 12. Bc4 Re8 13. Re1 Nb6 14. Bd3 Bg4 15.
a5 Bd4+ 16. Kf1 Nd7 17. h3 Bxf3 18. Qxf3 a6 19. Be3 Bg7 20. Re2 Rb8 21. Kg1 b5
22. axb6 Rxb6 23. Nd1 Rb4 24. Kh1 c4 25. Bc2 Qe7 26. Ra2 1/2-1/2

[Event "5MCRV_F"]
[Site "?"]
[Date "2005.??.??"]
[Round "?"]
[White "Sykora, Josef"]
[Black "Hladecek, Miloslav"]
[Result "1/2-1/2"]
[WhiteElo "2397"]
[BlackElo "2281"]
[PlyCount "57"]
[EventDate "2005.??.??"]
[EventType "corr"]
[SourceDate "2005.09.30"]

1. Nf3 Nf6 2. c4 e6 3. d4 d5 4. Nc3 Nbd7 5. cxd5 exd5 6. Bg5 c6 7. e3 Be7 8.
Bd3 O-O 9. Qc2 Re8 10. h3 Ne4 11. Bxe4 dxe4 12. Nxe4 Qa5+ 13. Kf1 Bf8 14. Nc3
Nb6 15. g4 Nd5 16. e4 Nxc3 17. bxc3 c5 18. Kg2 cxd4 19. cxd4 b5 20. Qc6 Ba6 21.
Bd2 Qb6 22. Qxb6 axb6 23. Rhe1 Bb7 24. d5 Ra4 25. Rab1 Raxe4 26. Rxe4 Rxe4 27.
Rxb5 Ra4 28. d6 Rd4 29. Be3 1/2-1/2

[Event "5MCRV_F"]
[Site "?"]
[Date "2005.??.??"]
[Round "?"]
[White "Schwarz, Jan"]
[Black "Valak, Alois"]
[Result "0-1"]
[WhiteElo "2318"]
[BlackElo "2333"]
[PlyCount "92"]
[EventDate "2005.??.??"]
[EventType "corr"]
[SourceDate "2005.09.30"]

1. Nf3 d5 2. g3 Nc6 3. c4 d4 4. d3 e5 5. Bg2 Nf6 6. O-O Bd6 7. e3 O-O 8. exd4
exd4 9. Bg5 h6 10. Bxf6 Qxf6 11. Nbd2 Bf5 12. Ne4 Bxe4 13. dxe4 d3 14. Qxd3
Qxb2 15. Qd5 Qa3 16. Rfb1 Rad8 17. Rb3 Qa5 18. e5 Bc5 19. Qe4 Nd4 20. Rd3 Nxf3+
21. Bxf3 Rxd3 22. Qxd3 c6 23. Kg2 Rd8 24. Qf5 g6 25. Qf6 Re8 26. Qf4 Bb6 27.
Qxh6 Rxe5 28. Qf4 Rf5 29. Qe4 Bxf2 30. Qc2 Bb6 31. Rd1 Re5 32. Rd7 Qc5 33. Rd1
Re6 34. Rf1 Re3 35. a4 Qd4 36. Rd1 Rc3 37. Qe2 Qc5 38. Rd7 Qf5 39. Rd1 Re3 40.
Qf2 Kf8 41. h4 Qe5 42. Qd2 Bc7 43. Qf2 Ba5 44. Kf1 Rb3 45. c5 Bb4 46. Rd8+ Ke7
0-1

[Event "5MCRV_F"]
[Site "?"]
[Date "2005.??.??"]
[Round "?"]
[White "Dedina, Miroslav"]
[Black "Schwarz, Jan"]
[Result "1-0"]
[WhiteElo "2308"]
[BlackElo "2318"]
[PlyCount "78"]
[EventDate "2005.??.??"]
[EventType "corr"]
[SourceDate "2005.09.30"]

1. c4 c5 2. Nc3 g6 3. g3 Bg7 4. Bg2 Nc6 5. e3 Bxc3 6. bxc3 b6 7. d3 f5 8. h4
Qc7 9. h5 g5 10. e4 fxe4 11. Bxg5 Qe5 12. Qd2 exd3+ 13. Be3 Nf6 14. Rh4 Bb7 15.
O-O-O Na5 16. Bxb7 Nxb7 17. Qxd3 Qe6 18. Re1 O-O-O 19. Nf3 Rde8 20. g4 Qc6 21.
Bf4 d6 22. g5 Nd7 23. Nd2 Nd8 24. Kb2 Nf7 25. g6 hxg6 26. Qxg6 Rhf8 27. h6 Kb7
28. h7 Nde5 29. Qc2 Qd7 30. Bxe5 Nxe5 31. f4 Nc6 32. Ne4 Na5 33. Qd3 Qa4 34. f5
Nxc4+ 35. Ka1 Kc6 36. Reh1 Rh8 37. Ng5 b5 38. Nf7 Kc7 39. Nxh8 Qa3 1-0

[Event "5MCRV_F"]
[Site "?"]
[Date "2005.??.??"]
[Round "?"]
[White "Skalicky, Frantisek"]
[Black "Splichal, Josef"]
[Result "0-1"]
[WhiteElo "2255"]
[BlackElo "2261"]
[PlyCount "90"]
[EventDate "2005.??.??"]
[EventType "corr"]
[SourceDate "2005.09.30"]

1. e4 e5 2. Nf3 Nc6 3. Bb5 Nf6 4. O-O Nxe4 5. d4 Nd6 6. Bxc6 dxc6 7. dxe5 Nf5
8. Qxd8+ Kxd8 9. b3 Bd7 10. Rd1 Be7 11. a4 Kc8 12. a5 Rd8 13. c4 Be6 14. Rxd8+
Kxd8 15. Ba3 Ke8 16. Bxe7 Nxe7 17. Nbd2 Rd8 18. h3 Rd3 19. Ra2 c5 20. Ne1 Rc3
21. Nef3 Nc6 22. Ra3 Nd4 23. Nxd4 Rc1+ 24. Kh2 cxd4 25. Kg3 Rc2 26. Ne4 Bf5 27.
Kf3 d3 28. Ng3 Bg6 29. Ra1 Ke7 30. Rd1 Ke6 31. Ke3 Rb2 32. Rd2 Rxb3 33. f4 Rc3
34. Kd4 Rc1 35. Rf2 Rc2 36. Ke3 Rxf2 37. Kxf2 b6 38. axb6 cxb6 39. Nf1 Be4 40.
Nd2 Kf5 41. g3 g5 42. fxg5 Kxe5 43. Ke3 Bg2 44. h4 Kf5 45. Kf2 Bb7 0-1

[Event "5MCRV_F"]
[Site "?"]
[Date "2005.??.??"]
[Round "?"]
[White "Nosek, Jaroslav"]
[Black "Pecka, Josef"]
[Result "0-1"]
[WhiteElo "2261"]
[BlackElo "2303"]
[PlyCount "78"]
[EventDate "2005.??.??"]
[EventType "corr"]
[SourceDate "2005.09.30"]

1. d4 d5 2. c4 c6 3. Nc3 e6 4. e4 dxe4 5. Nxe4 Bb4+ 6. Bd2 Qxd4 7. Bxb4 Qxe4+
8. Be2 Nd7 9. Nf3 c5 10. Bc3 Ne7 11. O-O O-O 12. Bd3 Qf4 13. Re1 Ng6 14. Qc2
Nf6 15. Ne5 b6 16. Nxg6 hxg6 17. Be5 Qg4 18. Re3 Bb7 19. Rg3 Qh5 20. Re1 Ne4
21. Bxg7 Nxg3 22. Bxf8 Rxf8 23. fxg3 Rd8 24. h3 Qg5 25. Kh2 Rd4 26. Re2 e5 27.
a3 Qf6 28. b4 Qd6 29. bxc5 bxc5 30. Re3 f5 31. Bf1 f4 32. Rb3 Bc6 33. Qc3 Rd1
34. Be2 Rd2 35. Rb2 fxg3+ 36. Kxg3 e4+ 37. Kf2 Qf4+ 38. Ke1 Rxb2 39. Qxb2 e3
0-1

[Event "5MCRV_F"]
[Site "?"]
[Date "2005.??.??"]
[Round "?"]
[White "Novak, Vratislav"]
[Black "Bures, Jilji"]
[Result "1/2-1/2"]
[WhiteElo "2267"]
[BlackElo "2349"]
[PlyCount "85"]
[EventDate "2005.??.??"]
[EventType "corr"]
[SourceDate "2005.09.30"]

1. e4 c5 2. b3 e6 3. Nf3 Nc6 4. Bb2 d6 5. d4 cxd4 6. Nxd4 e5 7. Nxc6 bxc6 8.
Bd3 Nf6 9. O-O Be7 10. c4 O-O 11. Nc3 Be6 12. Bc1 Qd7 13. Be3 Ng4 14. Bd2 f5
15. exf5 Bxf5 16. Qc2 Bxd3 17. Qxd3 Rad8 18. f3 Nf6 19. Rae1 Nh5 20. b4 a6 21.
b5 axb5 22. cxb5 cxb5 23. Nxb5 Qe6 24. Nd4 Qd5 25. Qb3 Qxb3 26. axb3 Rc8 27. g3
Rfe8 28. Nf5 Bf8 29. Bb4 Rc6 30. Rd1 g6 31. Ne3 Nf6 32. f4 exf4 33. Rxf4 Rxe3
34. Rxf6 Be7 35. Rf4 Rxb3 36. Rfd4 Rc2 37. Bxd6 Bxd6 38. Rxd6 Rbb2 39. h4 Rg2+
40. Kf1 Rh2 41. Kg1 Rbg2+ 42. Kf1 Rf2+ 43. Ke1 1/2-1/2

[Event "5MCRV_F"]
[Site "?"]
[Date "2005.??.??"]
[Round "?"]
[White "Dedina, Miroslav"]
[Black "Pytlik, Lesek"]
[Result "1/2-1/2"]
[WhiteElo "2308"]
[BlackElo "2390"]
[PlyCount "83"]
[EventDate "2005.??.??"]
[EventType "corr"]
[SourceDate "2005.09.30"]

1. c4 e5 2. Nc3 Nf6 3. Nf3 Nc6 4. g3 Bb4 5. Bg2 O-O 6. O-O e4 7. Ne1 Bxc3 8.
dxc3 Re8 9. Bg5 d6 10. Nc2 h6 11. Bxf6 Qxf6 12. Ne3 Bf5 13. f4 Qg6 14. Qd5 Bd7
15. c5 Rad8 16. cxd6 Bc8 17. Rfd1 cxd6 18. Rd2 a6 19. Rad1 Be6 20. Qxe4 Qh5 21.
Qd3 Qc5 22. b4 Qb6 23. Kf1 Bxa2 24. Nf5 Bb3 25. Rb1 Be6 26. Nxd6 Bg4 27. Nxe8
Rxd3 28. Rxd3 a5 29. b5 Ne7 30. h3 Be6 31. g4 h5 32. f5 Ba2 33. Rb2 Bc4 34. Rd4
Qh6 35. Rb1 Bd5 36. Rbd1 Bxg2+ 37. Kxg2 Qe3 38. R1d2 Nc8 39. f6 g6 40. gxh5
gxh5 41. Rd8 Kh7 42. R2d7 1/2-1/2